000 00190 a2200073 4500
020 _a9780925636515
082 _a519.50285 MIN
245 _aMeet Minitab 15 for windows
_cMINITAB Inc
300 _avariouse pages
_bill. ;
_c27 cm.
999 _c551
_d551